| 000 | 00801nab a2200241 u 4500 | ||
|---|---|---|---|
| 001 | 22212 | ||
| 003 | HDC | ||
| 007 | cr bn ---aaaaa | ||
| 008 | 210312b2014mmddmy d||ne |||| 00| 0 may d | ||
| 040 | _aHDC | ||
| 245 | 0 |
_aPendidikan pemangkin ekonomi _c/ Harian Metro |
|
| 260 |
_aMalaysia: _bNew Straits Times Press (M) Bhd., _c2014 |
||
| 300 | _a1 online resource (page 16) | ||
| 336 |
_atext _2rdacontent |
||
| 337 |
_acomputer _2rdamedia |
||
| 338 |
_aonline resource _2rdacarrier |
||
| 650 |
_aEducation _xEconomic aspects _919330 |
||
| 710 | _aHarian Metro | ||
| 856 | _zRequest full-text at [email protected] | ||
| 942 | _2lcc | ||
| 942 | _cNEWS | ||
| 942 | _kNWSC 007553 | ||
| 999 |
_c19528 _d19528 |
||